Gráficas: fecundidad y planificación familiar en América Latina: retos para ladecada de 1990. (Record no. 133563)

MARC details
000 -CABECERA
campo de control de longitud fija 00707nam a2200193 a 4500
005 - FECHA Y HORA DE LA ÚLTIMA TRANSACCIÓN
campo de control 20210219160241.0
008 - ELEMENTOS DE LONGITUD FIJA--INFORMACIÓN GENERAL
campo de control de longitud fija 080930s2000 mx r 000 0 spa d
035 ## - NÚMERO DE CONTROL DEL SISTEMA
Número de control de sistema UPN01000161450
049 ## - COLECCIÓN
Colección UNE
080 ## - NÚMERO DE CLASIFICACIÓN DECIMAL UNIVERSAL
Número de la Clasificación Decimal Universal OC 362.178 (7/8) "1992" GRA 2ejem.
245 00 - MENCIÓN DE TÍTULO
Título Gráficas: fecundidad y planificación familiar en América Latina: retos para ladecada de 1990.
260 ## - PUBLICACIÓN, DISTRIBUCIÓN, ETC.
Lugar de publicación, distribución, etc. Washington, D.C. : PRB, 1992.
300 ## - DESCRIPCIÓN FÍSICA
Extensión 32 p.; 24 x 24 cm. il., retrs., fot.
690 ## - PUNTO DE ACCESO ADICIONAL DE MATERIA LOCAL--TÉRMINO DE MATERIA (OCLC, RLIN)
Término de materia o nombre geográfico como elemento inicial Planificacion de la familia- America Latina
690 ## - PUNTO DE ACCESO ADICIONAL DE MATERIA LOCAL--TÉRMINO DE MATERIA (OCLC, RLIN)
Término de materia o nombre geográfico como elemento inicial Control de la natalidad- America Latina
690 ## - PUNTO DE ACCESO ADICIONAL DE MATERIA LOCAL--TÉRMINO DE MATERIA (OCLC, RLIN)
Término de materia o nombre geográfico como elemento inicial America Latina- Planificacion de la familia
710 2# - ASIENTO SECUNDARIO - NOMBRE CORPORATIVO
Nombre de entidad corporativa o nombre de jurisdicción como elemento de entrada PRB. Population Reference Bureau, Inc.
905 ## - TIPO DE MATERIAL
Tipo de material UNESCO

No items available.